[Event "Olympiad Women-41"]
[Site "Tromsoe"]
[Date "2014.08.10"]
[Round "8.1"]
[White "Boric, Elena"]
[Black "Menon Jayadev, Poornima"]
[Result "1-0"]
[WhiteElo "2196"]
[BlackElo "1935"]
[PlyCount "61"]
[EventDate "2014.08.02"]
[EventType "team-swiss"]
[EventRounds "11"]
[EventCountry "NOR"]
[SourceTitle "CBM 162"]
[Source "ChessBase"]
[SourceDate "2014.09.17"]
[SourceVersion "1"]
[SourceVersionDate "2014.09.17"]
[SourceQuality "1"]
[WhiteTeam "Bosnia&Hercegovina (W)"]
[BlackTeam "Ireland (W)"]
[WhiteTeamCountry "BIH"]
[BlackTeamCountry "IRL"]

1. e4 e6 2. Qe2 c5 3. f4 Nc6 4. Nf3 d6 5. g3 g6 6. Bg2 Bg7 7. 0-0 Nd4 8. Nxd4 Bxd4+ 9. Kh1 Bg7 10. f5 Qe7 11. Nc3 Nf6 12. Qb5+ Qd7 13. fxe6 fxe6 14. e5 dxe5 15. Qxc5 Qe7 16. Qxe7+ Kxe7 17. d3 Rb8 18. b3 b6 19. Ba3+ Kd7 20. Ne4 Ne8 21. Rf7+ Kd8 22. Be7+ Kd7 23. Bd6+ Kd8 24. Bxb8 Bd7 25. Bxa7 Kc7 26. Bxb6+ Kxb6 27. Rxd7 Bf8 28. a4 Ng7 29. a5+ Ka6 30. d4 exd4 31. Bf1+ 1-0

[Event "Olympiad Women-41"]
[Site "Tromsoe"]
[Date "2014.08.03"]
[Round "2.2"]
[White "Boric, Elena"]
[Black "Maroroa, Sue Yuchan"]
[Result "1-0"]
[WhiteElo "2196"]
[BlackElo "2120"]
[PlyCount "73"]
[EventDate "2014.08.02"]
[EventType "team-swiss"]
[EventRounds "11"]
[EventCountry "NOR"]
[SourceTitle "CBM 162"]
[Source "ChessBase"]
[SourceDate "2014.09.17"]
[SourceVersion "1"]
[SourceVersionDate "2014.09.17"]
[SourceQuality "1"]
[WhiteTeam "Bosnia&Hercegovina (W)"]
[BlackTeam "England (W)"]
[WhiteTeamCountry "BIH"]
[BlackTeamCountry "ENG"]

1. d4 Nf6 2. Nf3 g6 3. Bf4 Bg7 4. e3 0-0 5. Be2 d6 6. h3 Nbd7 7. 0-0 b6 8. c4 Bb7 9. Nc3 Ne4 10. Nxe4 Bxe4 11. Rc1 a5 12. Qd2 e5 13. Bg5 Qe8 14. Rfd1 f5 15. dxe5 Nxe5 16. Nd4 Kh8 17. b3 h6 18. Bh4 g5 19. Bg3 Qg6 20. f3 Bb7 21. Qc2 Rae8 22. Nb5 Re7 23. Nc3 f4 24. exf4 gxf4 25. Bh4 Re6 26. Nd5 Qh5 27. Bf2 Rg6 28. Kh2 Bc8 29. Rg1 Rg3 30. Bxg3 fxg3+ 31. Kxg3 Ng6 32. Kh2 Be5+ 33. f4 Nxf4 34. Bxh5 Nxh5+ 35. g3 Bf5 36. Qd2 Kh7 37. Rcf1 1-0